Science Quiz

Random Science or Grab Bag Quiz

Canine or Feline Quiz Stats

 Plays Quiz Updated Feb 11, 2018

Also try: Cat or Dog?
Challenge
Share
Tweet
Embed
Score 0/16 Timer 01:00
7 Plays Today
Animal Canine (C) or Feline (F) % Correct
Wolf???
91.9%
Dingo???
90.3%
Coyote???
89.9%
Cheetah???
87.8%
Leopard???
87.5%
Lynx???
86.8%
Cougar???
85.1%
Raccoon Dog???
85%
Animal Canine (C) or Feline (F) % Correct
Ocelot???
82.7%
Jackal???
82.4%
Fox???
81.1%
Dhole???
71.6%
Serval???
71%
Caracal???
62.4%
Margay???
59.2%
Culpeo???
56.4%

You're not logged in!

Compare scores with friends on all Sporcle quizzes.
OR
Log In

You Might Also Like...

Show Comments

Extras

Top Quizzes Today


Score Distribution

Your Account Isn't Verified!

In order to create a playlist on Sporcle, you need to verify the email address you used during registration. Go to your Sporcle Settings to finish the process.

Report this User

Report this user for behavior that violates our Community Guidelines.

Details: